000 00595cab a2200217 4500
001 WB3214-41
008 090401t1996 xxu||||| |||| 00| 0 eng d
035 _a(Sirsi) u64842
041 _aeng
245 _aAid for beef industry
260 _c1996
350 _a0
490 _aMAFF News Release
_v(116/96) 29 March 1996, (3)
520 _aDetails of measures to keep the beef industry functioning have been announced by the Agriculture Minister.
650 _aBEEF INDUSTRY
650 _aBSE
650 _aCONTROLS
690 _aRURAL PRACTICE
942 _n0
948 _c04/03/1997
999 _c40394
_d40394